000 00783nam a2200205 a 4500
003 0
005 20250508140052.0
008 021114s19uu xx 00 eng d
050 _aPGS LB 3609
_b.R886 2002
100 _aRoxas, Kisha Marie Trinos
245 _aPressures encountered by grade six honor students of Southville International School /
260 _aLas PiƱas City, Philippines :
_bSouthville International School and Colleges,
_c2002.
300 _a18 pages :
_billustrations ;
_c28 cm.
504 _aIncludes bibliographical references.
650 _aStress in children.
650 _aHonor students
_vPsychological aspects.
650 _aAcademic achievement
_vPsychological aspects.
650 _aElementary school students
_vMental health.
942 _2lcc
_cPASS
999 _c96647
_d96647